Z PRACOVNÝCH SCHÔDZOK VŠEOBECNEJ SEKCIE ČS. LEK. SPOL. J. E. PURKYŇU V MARTINE

Bibliographic Details
Main Author: Stodola (Author)
Format: Article
Language:Slovak

MARC

LEADER 00000nab a2200000uu 4500
001 vtls011489335
003 SK-MaSNL
005 20260303105006.0
008 230121|1967 xo |||||||||||||||||slo|
015 |a SNBRB 
035 |a (urnnbn)urn:nbn:sk:snk:ar-007i9h 
035 |a (uuid)c8ff5a69-28d8-43ba-b7ee-f8e7943b21b3 
035 |a urn:nbn:sk:snk-abdesr 
040 |a SNKBUCL  |b slo  |c SNKBUCL  |e AACR2 
041 0 |a slo 
044 |a xo  |c SK 
100 1 |a Stodola  |4 aut  |9 1119823 
245 1 0 |a Z PRACOVNÝCH SCHÔDZOK VŠEOBECNEJ SEKCIE ČS. LEK. SPOL. J. E. PURKYŇU V MARTINE  |c Stodola 
773 0 |t Lekársky obzor : odborný časopis Slovenskej zdravotníckej univerzity v Bratislave  |g Roč. 16, č. 4 (1967), s. 217-221 
954 |a odborná, vedecká literatúra pôvodná (slovenská)  |2 lita 
958 |a OND 
958 |a EUIPO 
958 |a article18 
999 |c 1860586  |d 1862516